China: manual del exportador 2002

সংরক্ষণ করুন:
গ্রন্থ-পঞ্জীর বিবরন
সংস্থা লেখক: Ministerio de Agricultura (Author)
বিন্যাস: গ্রন্থ
ভাষা:স্প্যানিশ
প্রকাশিত: Santiago Ministerio de Agricultura 2002
বিষয়গুলি:
ট্যাগগুলো: ট্যাগ যুক্ত করুন
কোনো ট্যাগ নেই, প্রথমজন হিসাবে ট্যাগ করুন!

MARC

LEADER 00000nam a2200000 a 4500
001 UCI7126
003 CL-VaPUC
008 080613e20020000CL |||||||||||||||||spa|d
020 |a 9567244162 
082 0 4 |a 338.181  |b MIN  |2 21 
110 2 |a Ministerio de Agricultura  |e author  |9 530266 
245 1 0 |a China: manual del exportador 2002 
300 |a 268 p 
942 |c BK 
945 |d 20080613 00:00:00  |a rbrito 
260 |a Santiago  |b Ministerio de Agricultura  |c 2002 
650 0 |a Agricultura  |9 255598 
650 7 |a EXPORTACIONES  |2 CL-VaPUC  |9 255382 
650 7 |a COMERCIO INTERNACIONAL  |2 CL-VaPUC  |9 530267 
651 0 |a China   |9 257545 
651 7 |a CHILE  |2 CL-VaPUC  |9 530268 
583 |a last modification  |c 20080613 00:00:00  |k Rodrigo Vera 
999 |c 330509  |d 330507